Top 16 Most Streamed Songs - Statistics

General Stats
  • This quiz has been taken 16 times
  • The average score is 7 of 16
Answer Stats
Artist(s) Streams Song % Correct
Ed Sheeran 3.6 Billion Shape of You
80%
The Weeknd 3.7 Billion Blinding Lights
73%
Tones and I 2.8 Billion Dance Monkey
67%
Imagine Dragons 2.6 Billion Believer
60%
The Chainsmokers ft. Halsey 2.6 Billion Closer
60%
The Kid Laroi & Justin Bieber 2.7 Billion Stay
47%
Post Malone & Swae Lee 2.8 Billion Sunflower
47%
Harry Styles 2.6 Billion As It Was
40%
Ed Sheeran 2.6 Billion Perfect
40%
Shawn Mendes & Camila Cabello 2.5 Billion Senorita
40%
The Weeknd ft. Daft Punk 2.6 Billion Starboy
33%
Drake ft. Wizkid & Kyla 2.7 Billion One Dance
27%
Post Malone ft. 21 Savage 2.7 Billion Rockstar
27%
Lewis Capaldi 2.9 Billion Someone You Loved
27%
Glass Animals 2.6 Billion Heat Waves
20%
James Arthur 2.4 Billion Say You Won't Let Go
7%
No matching quizzes found
Score Distribution
Percent of People with Each Score
Percentile by Number Answered
Your Score History
You have not taken this quiz